| 000 | 00626nam a2200181 a 4500 | ||
|---|---|---|---|
| 001 | 000022033 | ||
| 005 | 20200930011543.0 | ||
| 008 | 100916s1984 dr ab 000 0 spa d | ||
| 040 |
_aDO-SdBNP _bspa _cBNPHU |
||
| 082 |
_axxx _bH565g |
||
| 100 | 1 |
_aHerrera, Marcelino Alejandro _d1965- _945678 |
|
| 245 | 1 | 3 |
_aLa gesta restauradora / _cMarcelino Alejandro Herrera ; presentación Fulgencio Espinal. |
| 260 |
_aSanto Domingo : _bLoteria Nacional, _c1984. |
||
| 300 |
_a126 p. : _bil., mapa. ; _c22 cm. |
||
| 500 | _aIncluye datos biográficos del autor en la contraportada | ||
| 700 | 1 |
_aEspinal, Fulgencio _98374 |
|
| 049 | _aBNPD | ||
| 999 |
_c21531 _d21531 |
||